Long Words - Statistics

General Stats
  • This quiz has been taken 51 times
  • The average score is 3 of 5
Answer Stats
Hint Answer % Correct
Longest word in english Pneumonoultramicroscopicsilicovolcanoconiosis
85%
5th longest Supercalifragilisticexpialidocious
75%
4th longest Antidisestablishmentarianism
65%
3nd longest Pseudopseudohypoparathyroidism
60%
2nd longest Hippopotomonstrosesquippedaliophobia
45%
No matching quizzes found
Score Distribution
Percent of People with Each Score
Percentile by Number Answered
Your Score History
You have not taken this quiz